000 nam a22 7a 4500
999 _c8060
_d8060
008 171125b xxu||||| |||| 00| 0 eng d
020 _a9780006368571
100 _aGraham, Alant
_94509
245 _aHelp your child with maths
260 _aLondon
_bFontana Paperbacks
_c1985